The araucanians; or, Notes of a tour among the indian tribes of southern Chili. By Edmond Reuel Smith, of the U. S. N. astronomical expedition in Chili

Salvato in:
Dettagli Bibliografici
Autore principale: Smith, Edmond Reuel (Autore)
Natura: Libro
Lingua:inglese
Pubblicazione: Nueva York Harper & Brothers 1855
Edizione:1a. ed
Soggetti:
Tags: Aggiungi Tag
Nessun Tag, puoi essere il primo ad aggiungerne!!

MARC

LEADER 00000nam a2200000 a 4500
001 UCJ5328
003 CL-VaPUC
008 070124e18550000US |||||||||||||||||eng|d
082 0 4 |a 983  |b SMI  |2 21 
100 0 |a Smith, Edmond Reuel  |e author  |9 421023 
245 1 4 |a The araucanians; or, Notes of a tour among the indian tribes of southern Chili. By Edmond Reuel Smith, of the U. S. N. astronomical expedition in Chili 
250 |a 1a. ed 
300 |a xii, 335 p 
942 |c BK 
945 |d 20070124 00:00:00  |a rinostro 
260 |a Nueva York  |b Harper & Brothers  |c 1855 
500 |a Front., vista de Boroa; ilustraciones conforme a lo señalado en el índice 
650 0 |a Etnografía   |9 309735 
650 0 |a Araucanos  |9 314060 
650 0 |a Cultura  |9 269059 
650 0 |a Viajes  |9 257115 
650 0 |a Guerra de Arauco  |9 267618 
650 0 |a Ilustraciones  |9 369481 
650 0 |a Historia de Chile  |9 265473 
651 0 |a Concepción  |9 254982 
651 7 |a LOS ANGELES  |2 CL-VaPUC  |9 265152 
651 7 |a YUMBEL  |2 CL-VaPUC  |9 476694 
651 7 |a BOROA  |2 CL-VaPUC  |9 510398 
651 7 |a SALTO DEL LAJA  |2 CL-VaPUC  |9 506196 
583 |a last modification  |c 20070124 00:00:00  |k Rodrigo Vera 
999 |c 321438  |d 321436 
952 |0 0  |1 0  |4 0  |6 983_000000000000000_SMI_1855  |7 0  |8 X  |9 400173  |a FDOBUD  |b FDOBUD  |d 2019-11-22  |i 1033018  |o 983 SMI 1855  |p 1033018  |r 2019-11-22  |w 2019-11-22  |y BK_X  |k BUD